| 000 | 00738cam a22002412 4500 | ||
|---|---|---|---|
| 001 | 0000002517 | ||
| 005 | 20151217145729.0 | ||
| 008 | 070412s xx 000 0 eng d | ||
| 020 | _a0256255342 : | ||
| 040 |
_aKABU _cKABU |
||
| 050 | 0 |
_aHF5635 _b.L37 1999 |
|
| 100 | 1 |
_aLarson, Kermit D. _@0000111383 |
|
| 245 | 1 | 0 |
_aFundamental accounting principles / _cKermit D. Larson, John J. Wild, Barbara Chiappetta. |
| 250 | _a15th ed. | ||
| 260 |
_aBoston : _bIrwin, _c1999. |
||
| 300 | _axxxii, 1136, [165] p. | ||
| 650 | 0 |
_aAccounting. _@0000148321 |
|
| 700 | 1 |
_aWild, John J. _@0000151486 |
|
| 700 | 1 |
_aChiappetta, Barbara. _@0000151895 |
|
| 908 | _a070412 | ||
| 950 | _@1 | ||
| 999 |
_c2009 _d2009 |
||